Sports Quiz

Random Sports or Football Quiz
Score 0/20 Timer 07:00
0 Plays Today
Division of Play Stadium Name % Correct
NationalWembley Stadium
97.6%
Premier Old Trafford
97.1%
PremierEmirates Stadium
86.8%
ChampionshipSt James' Park
74.1%
PremierAnfield
64.4%
PremierStadium Of Light
61%
PremierStamford Bridge
54.6%
PremierVilla Park
52.2%
PremierCity of Manchester Stadium
49.8%
League OneElland Road
46.8%
Division of Play Stadium Name % Correct
PremierGoodison Park
45.9%
PremierWhite Hart Lane
39%
PremierThe Boleyn Ground
32.7%
ChampionshipHillsborough Stadium
30.2%
League OneSt Mary's Stadium
26.8%
ChampionshipRiverside Stadium
23.9%
ChampionshipPride Park Stadium
17.1%
ChampionshipWalkers Stadium
14.1%
ChampionshipBramall Lane
11.7%
ChampionshipRicoh Arena
10.7%

You're not logged in!

Compare scores with friends on all Sporcle quizzes.
OR
Log In

Sporcle TV

Today on Sporcle TV


Watch our educational content, quiz creation guides, and fun videos on Sporcle TV.

Show Comments

Extras

Top Quizzes Today


Score Distribution

Paid Content

Your Account Isn't Verified!

In order to create a playlist on Sporcle, you need to verify the email address you used during registration. Go to your Sporcle Settings to finish the process.

Report this User

Report this user for behavior that violates our Community Guidelines.

Details: